Mi hijo adolescente ya tiene sexo (Registro nro. 11025)

Detalles MARC
000 -LIDER
fixed length control field 01347cam a2200409 i 4500
001 - NÚMERO DE CONTROL
Identificador de número de control 0000568
003 - IDENTIFICACDOR DE NÚMERO DE CONTROL
control field DO-SdBNP
005 - DATE AND TIME OF LATEST TRANSACTION
control field 20171110094744.0
007 - CAMPOS FIJOS DE DESCRIPCIÓN FÍSICA
fixed length control field 0000568
008 - ELEMENTOS DE LONGITUD FIJA
fixed length control field 100514s 2010 mx 000 f spa
015 ## - NÚMERO DENTRO DE LA BIBLIOGRAFÍA NACIONAL
National bibliography number
017 ## - NÚMERO DE REGISTRO DE DERECHOS DE AUTOR
Copyright or legal deposit number
Assigning agency
020 ## - ISBN
International Standard Book Number 9786071105752
035 ## - NÚMERO LOCAL
System control number
040 ## - FUENTE DE CATALOGACIÓN
Agencia que crea de manera original el registro BPMSU
Idioma de catalogación spa
Agencia que realiza la transcripción BPMSU
Convenciones de la despripción
080 ## - NÚMERO DE CLASIFICACIÓN DECIMAL UNIVERSAL
Universal Decimal Classification number
082 #4 - NÚMERO DE CLASIFICACIÓN DECIMAL DE DEWEY
Classification number 613.9071
Item number L991m
100 1# - ASIENTO PRINCIPAL -- NOMBRE PERSONAL
Nombre personal Lyon, Maureen E.
240 14 - TITULO UNIFORME
Título uniforme My teen has had sex. Now what do i do? /
Idioma de una obra Español
245 10 - MENCIÓN DE TITULO
Título Mi hijo adolescente ya tiene sexo
Subtítulo ¿ahora qué hago?
Mención de responsabilidad Maureen E. Lyon, Christina Breda Antoniades ; traducción Vicente Herrasti
260 ## - PUBLICACIÓN, DISTRIBUCIÓN, ETC. (PIE DE IMPRENTA)
Lugar de publicación, distribución, etc México :
Nombre del editor, distribuidor, etc. Santillana ediciones generales,
-- Aguilar,
Fecha de publicación, distribución, etc 2010.
300 ## - DESCRIPCIÓN FÍSICA
Extensión 263 p.:
Dimensiones 24 m
500 ## - NOTA GENERAL
Nota general Incluye datos biográficos de las autoras en las solapas.
500 ## - NOTA GENERAL
Nota general Incluye referencias bibliográficas y notas al pie de las páginas
504 ## - NOTA DE BIBLIOGRAFÍA, ETC.
Bibliography, etc Bibliografia p: 261-263
650 #4 - ENCABEZAMIENTO DE MATERIA--TEMÁTICO
Término temático o nombre geográfico como elemento de entrada EDUCACIÓN SEXUAL PARA JÓVENES
650 #4 - ENCABEZAMIENTO DE MATERIA--TEMÁTICO
Término temático o nombre geográfico como elemento de entrada EMBARAZO EN ADOLESCENTES
650 #4 - ENCABEZAMIENTO DE MATERIA--TEMÁTICO
Término temático o nombre geográfico como elemento de entrada ENFERMEDADES TRANSMISIBLES
650 #4 - ENCABEZAMIENTO DE MATERIA--TEMÁTICO
Término temático o nombre geográfico como elemento de entrada CONDUCTA SEXUAL
650 #4 - ENCABEZAMIENTO DE MATERIA--TEMÁTICO
Término temático o nombre geográfico como elemento de entrada ADOLESCENTE
700 12 - ASIENTO SECUNDARIO -- NOMBRE PERSONAL
Nombre personal Herrasti, Vicente
Mención de responsabilidad trad.
700 12 - ASIENTO SECUNDARIO -- NOMBRE PERSONAL
Nombre personal Breda Antoniades, Christina
910 ## - VALIDACIÓN
Validación Validado. Control de calidad MFF
942 ## - ADDED ENTRY ELEMENTS (KOHA)
Source of classification or shelving scheme Dewey Decimal Classification
Koha item type Libros
945 ## - INFORMACIÓN DE PROCESAMIENTO LOCAL
Información de procesamiento local Inventariado, 2017/MFF
956 ## - LOCAL ELECTRONIC LOCATION AND ACCESS (OCLC)
Nombre de host YLOCKWARD
Campo enlazado y núm. de secuencia 10
Información de compresión BPMSU
Existencias
Withdrawn status Lost status Source of classification or shelving scheme Damaged status Not for loan Collection code Home library Current library Date acquired Source of acquisition Total Checkouts Full call number Barcode Date last seen Price effective from Koha item type Copy number
    Dewey Decimal Classification     Colección General Biblioteca Pública Metropolitana Salomé Ureña Biblioteca Pública Metropolitana Salomé Ureña 07/25/2016 Alfaguara   613.9071 L991m BPMSU16070651 07/25/2016 07/25/2016 Libros  
    Dewey Decimal Classification     Colección General Biblioteca Pública Metropolitana Salomé Ureña Biblioteca Pública Metropolitana Salomé Ureña 07/25/2016 Alfaguara   613.9071 L991m BPMSU16070652 07/25/2016 07/25/2016 Libros e. 2
    Dewey Decimal Classification     Colección General Biblioteca Pública Metropolitana Salomé Ureña Biblioteca Pública Metropolitana Salomé Ureña 07/25/2016 Alfaguara   613.9071 L991m BPMSU16070653 07/25/2016 07/25/2016 Libros e. 3